| 000 | 01742nam a2200409 c 4500 | ||
|---|---|---|---|
| 999 |
_c91042 _d91042 |
||
| 003 | BLK | ||
| 005 | 20220208152128.0 | ||
| 008 | 180408b bul|||||r ||||||| ||bul|| | ||
| 010 | _aKNG00095794000 | ||
| 020 | _a978-954-617-086-6 | ||
| 040 | _aBLK | ||
| 041 |
_aBUL _cBUL |
||
| 080 |
_aБанки. Банково дело - Банкови операции _b336.71 _x(497.2)(091) _z336.71(497.2)(091) |
||
| 080 |
_aБанков капитал. Кредитен капитал _b330.142.22 _z330.142.22 |
||
| 100 | 1 |
_aИванов, Мартин Иванов _eпърви автор _9292865 |
|
| 139 |
_aИванов, Мартин Иванов _bИ 21 |
||
| 245 | 1 | 0 |
_aМрежовият капитализъм _bБълг. търговска банка и нейните сродни д-ва 1890-1914 г. _cМартин Иванов Иванов. |
| 257 | _aBGR | ||
| 260 |
_bГутенберг _c2010 _fСофия : Симолини |
||
| 300 |
_a524 с. _bс ил. _c24 см |
||
| 380 | _a3 | ||
| 500 | _aСъдържа: Биогр. ; Списък на таблиците ; Списък на фигурите ; Азб. показалец. - Библиогр. с. 491-507 | ||
| 504 | _a491-507 | ||
| 650 | 4 |
_aБанки, търговски _9256858 |
|
| 650 | 4 |
_aБанкови операции _9253109 |
|
| 650 | 4 |
_aБанки - България - история _9258998 |
|
| 653 | _aтърговски банки | ||
| 653 | _aистория | ||
| 653 | _aбанково дело | ||
| 653 | _aфинанси | ||
| 659 | _aК | ||
| 852 | _aЦб 247896 | ||
| 852 | _aК 336/И 21 | ||
| 856 | 4 | _qpdf | |
| 856 | 4 | _qpdf | |
| 942 |
_cKNG _n0 _02 _s1 |
||
| 944 |
_aCR _c29.04.2010 _lф / _kГеновева_Генчева |
||
| 944 |
_aED _c13.10.2011 _lф / |
||
| 999 | _d91042 | ||